| 000 | 00648cam a2200217 4500 | ||
|---|---|---|---|
| 008 | 090401t1992 xxu||||| |||| 00| 0 eng d | ||
| 020 | _a0419177000 | ||
| 035 | _a(Sirsi) u87662 | ||
| 041 | 0 | _aeng | |
| 050 | 0 | 4 | _a624.03 $2 18 |
| 100 | 1 | _aSpain, Bryan J. D. | |
| 245 | 0 | 0 | _aCESMM3 explained |
| 260 |
_aLondon _bE. and F. N. Spon _c1992 |
||
| 300 |
_axi, 518p. _bill. _c30cm. |
||
| 350 | _a68 | ||
| 650 | 2 | 4 | _aCIVIEL ENGINEERING STANDARD METHOD OF MEASUREMENT (THIRD EDITION) |
| 651 | 4 | _aInternational | |
| 690 | _aBUILT ENVIRONMENT-QUANTITY SURVEYING-CIVIL ENGINEERING STANDARD METHOD OF MEASUREMENT | ||
| 942 | _n0 | ||
| 948 | _c04/03/1997 | ||
| 999 |
_c97261 _d97261 |
||